000 01042nam a2200313 c 4500
003 BLK
005 20240604005407.0
008 180411b bul|||||r ||||||| ||bul||
010 _aKNG00216717000
040 _aBLK
041 _aBUL
_cBUL
080 _aБългарска литература
_b821.163.2
_x-32
_z821.163.2-32
100 _aЕлин Пелин
_qСтоянов, Димитър Иванов
_9363511
700 1 _aПондев, Петър
_eс предг. от
_9368894
139 _aЕлин Пелин
_bЕ 53
245 1 0 _aРазкази
_cЕлин Пелин; с предг. от Петър Пондев.
250 _a10. изд.
257 _aBGR
260 София
_bБълг. писател
_c1971
300 _a259 с.
_c20 см
380 _aX
490 1 _aБиблиотека за ученика
852 _aЦб 57275
856 4 _qpdf
_u
856 4 _qpdf
_u
942 _cKNG
_n0
944 _aCR
_c02.03.2018
_k
_lCRON CRON
944 _aED
_c02.03.2018
_kХристина_Везирева
999 _c206966
_d206966